Storia mondiale con la lettera O - Statistics

Statistiche generali
  • Questo quiz è stato fatto 282 volte
  • Il punteggio medio è 12 su 15
Statistiche sulle risposte
DOMANDA RISPOSTA % Corretto
Così talvolta sono chiamati i Paesi Bassi Olanda
99%
Così si chiamava il potente primo ministro tedesco Bismarck Otto
99%
Capitale canadese Ottawa
97%
Continente inesplorato fino al XVIII secolo Oceania
95%
Organizzazione intergovernativa fondata nel 1945 per salvaguardare la pace nel mondo Onu
95%
Impero che si è dissolto nel 1922 e che aveva come centro l'attuale Turchia Ottomano
95%
Forma di governo che prevedeva il comando di pochi (attivo in alcune polis greche) Oligarchia
92%
Nome dello sterminio sistematico degli Ebrei da parte dei Nazisti Olocausto
92%
Primo imperatore romano Ottaviano
85%
Porto dell'antica Roma Ostia
79%
Famoso imperatore del Sacro Romano Impero che condivide il nome con una lega metallica Ottone
74%
Capitale che in passato era conosciuta con il nome Christiania Oslo
65%
Re barbaro che depose l'ultimo imperatore romano Romolo Augustolo Odoacre
59%
Espulsione politica con voto popolare nell'Antica Grecia (soprattutto ad Atene) Ostracismo
50%
Nome in codice dello sbarco in Normandia: Operazione ... Overlord
33%
Nessun quiz corrispondente trovato
Distribuzione punteggi
Percentuale di utenti per punteggio
Percentile per numero di risposta
I tuoi punteggi nel tempo
Non hai fatto questo quiz